Linear systems analysis / (Record no. 180859)
[ view plain ]
| 000 -LEADER | |
|---|---|
| fixed length control field | 01044 a2200229 4500 |
| 003 - CONTROL NUMBER IDENTIFIER | |
| control field | Nust |
| 005 - DATE AND TIME OF LATEST TRANSACTION | |
| control field | 20221102163312.0 |
| 010 ## - LIBRARY OF CONGRESS CONTROL NUMBER | |
| LC control number | 74010555 |
| 020 ## - INTERNATIONAL STANDARD BOOK NUMBER | |
| International Standard Book Number | 0070381208 |
| 040 ## - CATALOGING SOURCE | |
| Transcribing agency | Nust |
| 082 00 - DEWEY DECIMAL CLASSIFICATION NUMBER | |
| Classification number | 621.3192 |
| 100 1# - MAIN ENTRY--PERSONAL NAME | |
| Personal name | Liu, C. L. |
| 9 (RLIN) | 102275 |
| 245 10 - TITLE STATEMENT | |
| Title | Linear systems analysis / |
| Statement of responsibility, etc. | C. L. Liu and Jane W. S. Liu. |
| 260 ## - PUBLICATION, DISTRIBUTION, ETC. | |
| Place of publication, distribution, etc. | New York, |
| Name of publisher, distributor, etc. | McGraw-Hill |
| Date of publication, distribution, etc. | [1974, c1975] |
| 300 ## - PHYSICAL DESCRIPTION | |
| Extent | xi, 467 p. |
| Other physical details | illus. |
| Dimensions | 25 cm. |
| 505 ## - FORMATTED CONTENTS NOTE | |
| Formatted contents note | Signals and Systems (Page-1), Differential and Difference Equations (Page-42), State Space Description of System (Page-77), Convolution (Page-135), The z Transformation (Page-177), Fourier Series (Page-205), Fourier Transformation (Page-258), Frequency Analysis of Signals (Page-302), Bilateral Laplace Transformation (Page-361), Interconnection of Systems (Page-398), Unilateral Laplace and z Transformation (Page-430). |
| 650 #0 - SUBJECT ADDED ENTRY--TOPICAL TERM | |
| Topical term or geographic name entry element | Electric networks. |
| 9 (RLIN) | 41311 |
| 650 #0 - SUBJECT ADDED ENTRY--TOPICAL TERM | |
| Topical term or geographic name entry element | Electrical engineering |
| General subdivision | Mathematics. |
| 9 (RLIN) | 55701 |
| 650 #0 - SUBJECT ADDED ENTRY--TOPICAL TERM | |
| Topical term or geographic name entry element | Linear systems. |
| 700 1# - ADDED ENTRY--PERSONAL NAME | |
| Personal name | Liu, Jane W. S., |
| 9 (RLIN) | 61371 |
| 942 ## - ADDED ENTRY ELEMENTS (KOHA) | |
| Source of classification or shelving scheme | |
| Koha item type | Book |
| Withdrawn status | Lost status | Source of classification or shelving scheme | Damaged status | Not for loan | Permanent Location | Current Location | Shelving location | Date acquired | Full call number | Barcode | Date last seen | Price effective from | Koha item type | Public note |
|---|---|---|---|---|---|---|---|---|---|---|---|---|---|---|
| Military College of Signals (MCS) | Military College of Signals (MCS) | General Stacks | 12/12/2016 | 621.3192,LIU | MCS935 | 12/08/2016 | 12/12/2016 | Book | Almirah No.29, Shelf No.6 |
